Tự học giới từ và thành ngữ tiếng Anh
Uloženo v:
| Hlavní autor: | |
|---|---|
| Médium: | Kniha |
| Jazyk: | Undetermined |
| Vydáno: |
Hà Nội
Văn hoá Thông tin
2005
|
| Témata: | |
| Tagy: |
Přidat tag
Žádné tagy, Buďte první, kdo otaguje tento záznam!
|
| Thư viện lưu trữ: | Trung tâm Học liệu Trường Đại học Cần Thơ |
|---|
| LEADER | 00569nam a2200205Ia 4500 | ||
|---|---|---|---|
| 001 | CTU_106201 | ||
| 008 | 210402s9999 xx 000 0 und d | ||
| 020 | |c 21000 | ||
| 082 | |a 425 | ||
| 082 | |b S550 | ||
| 100 | |a Lê, Văn Sự | ||
| 245 | 0 | |a Tự học giới từ và thành ngữ tiếng Anh | |
| 245 | 0 | |c Lê Văn Sự | |
| 260 | |a Hà Nội | ||
| 260 | |b Văn hoá Thông tin | ||
| 260 | |c 2005 | ||
| 650 | |a English language | ||
| 650 | |x Grammar | ||
| 904 | |i Nguyên | ||
| 980 | |a Trung tâm Học liệu Trường Đại học Cần Thơ | ||